000 00859cam a22002654a 4500
001 16581521
003 SISC
005 20160601102102.0
008 101216s2012 njuab 001 0 eng
010 _a 2010048482
020 _a9789814598293
040 _aDLC
_cDLC
_dDLC
050 0 0 _aQE 26.3
_b.T38 2012
082 0 0 _a550
100 1 _aTarbuck, Edward J.
245 1 0 _aEarth science /
_cEdward J. Tarbuck, Frederick K. Lutgens ; illustrated by Dennis Tasa.
250 _a13th ed.
260 _aUpper Saddle River, NJ :
_bPearson Education,
_cc2012.
300 _ax, 801 p. :
_bill. , maps ;
_c29 cm.
650 0 _aEarth sciences
_vTextbooks.
700 1 _aLutgens, Frederick K.
906 _a7
_bcbc
_corignew
_d1
_eecip
_f20
_gy-gencatlg
942 _2lcc
_cBK
999 _c295558
_d295558